Classic Writings on Poetry (Record no. 12307)

MARC details
000 -LEADER
fixed length control field 00400nam a22001697a 4500
003 - CONTROL NUMBER IDENTIFIER
control field OSt
008 - FIXED-LENGTH DATA ELEMENTS--GENERAL INFORMATION
fixed length control field 240327b |||||||| |||| 00| 0 eng d
020 ## - INTERNATIONAL STANDARD BOOK NUMBER
International Standard Book Number 9788170463078
082 ## - DEWEY DECIMAL CLASSIFICATION NUMBER
Classification number 809.1 HAC
100 ## - MAIN ENTRY--PERSONAL NAME
Personal name HARMON,William. ed.
245 ## - TITLE STATEMENT
Title Classic Writings on Poetry
250 ## - EDITION STATEMENT
Edition statement Ist ed.
260 ## - PUBLICATION, DISTRIBUTION, ETC. (IMPRINT)
Place of publication, distribution, etc Calcutta
Name of publisher, distributor, etc Seagull Books
Date of publication, distribution, etc 2003
300 ## - PHYSICAL DESCRIPTION
Extent 538 p.
650 ## - SUBJECT ADDED ENTRY--TOPICAL TERM
Topical term or geographic name as entry element English
942 ## - ADDED ENTRY ELEMENTS (KOHA)
Source of classification or shelving scheme Dewey Decimal Classification
Koha item type Text Books
Holdings
Withdrawn status Lost status Source of classification or shelving scheme Damaged status Not for loan Collection code Home library Current library Date acquired Source of acquisition Currency Cost, normal purchase price Serial Enumeration / chronologySerial Enumeration / Volume No. Bill Number Total Checkouts Full call number Acc. no. / Barcode Date last seen Actual Cost, discounted price Bill Date Koha item type
    Dewey Decimal Classification     B.A Hons. English PIET NCR College Library PIET NCR College Library 23/03/2024 Zafaa Books & Distributors In Rupees 550.00 Ist ed. ZBD0441   809.1 HAC N3434 27/03/2024 385.00 23/03/2024 Reference Books

Design & Developed by: PIET Central Library
R70 Miles Stone Pattikalyana Samalkha Panipat 132102
mail ID :- [email protected], Phone No:- 0180-2569700 Ex.216